Teams die ooit de eredivisie of knvb beker hebben gewonnen - Statistieken

Algemene statistieken
  • Deze quiz is 44 keer genomen
  • De gemiddelde score is 12 van 17
Answers on the Grid
Answers color-coded by a green-red scale on the quiz's grid according to % correct below.
ajax
feyenoord
heracles
psv
graafschap
az
fc twente
telstar
excelsior rotterdam
go ahead eagles
fc den bosch
ado den haag
sparta rotterdam
mvv
willem II
fc groningen
sc heerenveen
almere city
cambuur
nac
nec
fc volendam
fortuna sittard
vvv venlo
RKC waalwijk
roda jc
dordrecht
fc eindhoven
fc emmen
vitesse
 
Antwoordstatistieken
Antwoord % Correct
ajax
100%
feyenoord
100%
fc twente
95%
psv
95%
az
90%
fc groningen
90%
ado den haag
86%
go ahead eagles
86%
sc heerenveen
86%
sparta rotterdam
86%
vitesse
76%
willem II
71%
roda jc
57%
nac
52%
fortuna sittard
14%
fc eindhoven
10%
vvv venlo
10%
Geen overeenkomende quizzen gevonden
Scoreverdeling
Procent van Mensen met Elke Score
Percentiel versus Aantal Correcte Antwoorden
Uw Scoregeschiedenis
U heeft deze quiz nog niet genomen